00413pam a2200145 a 4500020002000000040001600020041000800036100002800044245008000072260004700152300002200199365001900221500000800240504001900248 a0-521-34750-5c aDRVU_517425 aeng aRadford, AndreweAuthor aTransformational GrammarbA First CoursecAndrew RadfordhTextual Documents aNew YorkbCambridge University Pressc1988 axiv, 624p.c23 cm aUSD45.00eP.B. aDUL aIncludes Index